Category Elimination - NBA #5 - Statistics

General Stats
  • This quiz has been taken 6,981 times
  • The average score is 16 of 20
Answer Stats
Group # Category % Correct
Green 31 A coach during the 2025-26 NBA season
98%
Green 11 ... who also played as a player in the NBA
96%
Yellow 27 A All-NBA non-american player
96%
Yellow 18 ... who is at least 6-10 (208cm) tall
95%
Blue 100 A player in the Top 100 total scorers of the 1980s
91%
Blue 29 ... who is an Hall Of Famer
91%
Green 6 ... who already was a coach in 2015-16
90%
Blue 12 ...who lead a season in one of the big 5 stats
90%
Blue 6 ...who is a Finals MVP
89%
Green 3 ... who is a champion as a coach
87%
Pink 228 A player in a team ending season with W/L % > 80%
87%
Pink 71 ... who is an All-Star
86%
Pink 34 ... whose jersey is retired
85%
Yellow 10 ... who never won a NBA title
83%
Pink 4 ... who is in the top 20 Points and Rebounds All-Time
75%
Green 1 ... and has only coached one team Steve Kerr
75%
Yellow 4 ... who never had 40-point game
41%
Blue 1 ...who also played in the ABA Moses Malone
36%
Pink 1 ... who has been a College Basketball Senior Tim Duncan
34%
Yellow 1 ... who had at least a 3 Blocks/G Season Dikembe Mutombo
31%
No matching quizzes found
Score Distribution
Percent of People with Each Score
Percentile by Number Answered
Your Score History
You have not taken this quiz